[Event "Vimercate op 5th"]
[Site "Vimercate"]
[Date "2011.11.26"]
[Round "3"]
[White "Maccarini, Luca"]
[Black "Fusari, Paolo"]
[Result "0-1"]
[WhiteElo "1915"]
[BlackElo "1897"]
[PlyCount "64"]
[EventDate "2011.11.25"]
[EventType "swiss"]
[EventRounds "5"]
[EventCountry "ITA"]
[SourceTitle "EXT 2014"]
[Source "ChessBase"]
[SourceDate "2013.11.20"]
[SourceVersion "1"]
[SourceVersionDate "2013.11.20"]
[SourceQuality "1"]

1. d4 c5 2. d5 f5 3. Nc3 Nf6 4. Bg5 g6 5. Bxf6 exf6 6. e4 fxe4 7. Nxe4 f5 8. Nc3 Bg7 9. Nf3 0-0 10. d6 Re8+ 11. Be2 Qa5 12. 0-0 Nc6 13. Re1 Kh8 14. Ng5 h6 15. Nf7+ Kh7 16. Bc4 Rxe1+ 17. Qxe1 Qb4 18. Bb3 c4 19. a3 Qc5 20. Ba2 b5 21. Rd1 a6 22. Kh1 Bb7 23. f4 Bd4 24. Qh4 Bg7 25. Nd5 Nd4 26. Nf6+ Bxf6 27. Qxh6+ Kg8 28. Qxg6+ Kf8 29. Qxf6 Bxg2+ 30. Kxg2 Qd5+ 31. Kh3 Qf3+ 32. Kh4 Qg4# 0-1

[Event "Vimercate op 5th"]
[Site "Vimercate"]
[Date "2011.11.25"]
[Round "1"]
[White "Ceka, Shpetim"]
[Black "Fusari, Paolo"]
[Result "0-1"]
[WhiteElo "1857"]
[BlackElo "1897"]
[PlyCount "85"]
[EventDate "2011.11.25"]
[EventType "swiss"]
[EventRounds "5"]
[EventCountry "ITA"]
[SourceTitle "EXT 2014"]
[Source "ChessBase"]
[SourceDate "2013.11.20"]
[SourceVersion "1"]
[SourceVersionDate "2013.11.20"]
[SourceQuality "1"]

1. e4 e5 2. Nf3 Nc6 3. Bc4 Nf6 4. Ng5 d5 5. exd5 Nd4 6. c3 b5 7. 0-0 bxc4 8. cxd4 Nxd5 9. Qa4+ Bd7 10. Qxc4 c6 11. f4 Be7 12. dxe5 Rb8 13. a3 0-0 14. d4 h6 15. Ne4 Bf5 16. Nbc3 Nb6 17. Qd3 Qd7 18. Be3 Nd5 19. Rf2 Rfd8 20. Rd1 Rb3 21. h3 Nxc3 22. bxc3 Qd5 23. Nf6+ Bxf6 24. Qxf5 Rxc3 25. Rf3 Be7 26. Qg4 Qe4 27. Rg3 g6 28. f5 Rxe3 29. fxg6 Qxg4 30. Rxg4 f5 31. Rf4 Bc5 32. Rc1 Bxd4 33. Rxd4 Rxd4 34. Rxc6 Rxe5 35. Ra6 Rd7 36. h4 Kg7 37. Kf2 f4 38. Kf3 Rf5 39. h5 Rxh5 40. Kxf4 Rg5 41. Re6 Rxg2 42. a4 Rxg6 43. a5 0-1

[Event "Arco op 33rd"]
[Site "Arco"]
[Date "2011.10.23"]
[Round "2"]
[White "Fusari, Paolo"]
[Black "Bortolotti, Silvano"]
[Result "1/2-1/2"]
[WhiteElo "1897"]
[BlackElo "1771"]
[PlyCount "98"]
[EventDate "2011.10.22"]
[EventType "swiss"]
[EventRounds "9"]
[EventCountry "ITA"]
[SourceTitle "EXT 2012"]
[Source "ChessBase"]
[SourceDate "2011.11.24"]
[SourceVersion "1"]
[SourceVersionDate "2011.11.24"]
[SourceQuality "1"]

1. e4 e5 2. Nf3 Nc6 3. d4 exd4 4. Bc4 Nf6 5. e5 d5 6. Bb5 Ne4 7. Nxd4 Bd7 8. Bxc6 bxc6 9. 0-0 Bc5 10. Be3 0-0 11. Nd2 Nxd2 12. Qxd2 Bb6 13. c3 f6 14. exf6 Qxf6 15. a4 a5 16. Rae1 Rae8 17. Nb3 Qg6 18. Kh1 Re4 19. Nc5 Bxc5 20. Bxc5 Rxe1 21. Rxe1 Re8 22. h3 Rxe1+ 23. Qxe1 Qe4 24. Qxe4 dxe4 25. Kg1 Be6 26. b4 axb4 27. cxb4 Bc4 28. Bd4 g6 29. Be5 Bb3 30. a5 Bc4 31. Bxc7 Kf7 32. Bb6 Ke6 33. Kh2 h5 34. h4 Kf5 35. Kg3 Be2 36. Be3 Ke5 37. Bf4+ Kf5 38. f3 exf3 39. gxf3 Ba6 40. Bg5 Ke5 41. Kf2 Kd4 42. Bf6+ Kc4 43. Be7 Kb5 44. Ke3 Bc8 45. Kd4 Bh3 46. Ke5 Ka6 47. Kd6 Bg2 48. Kxc6 Bxf3+ 49. Kc5 Be2 1/2-1/2

[Event "Trieste op 11th"]
[Site "Trieste"]
[Date "2009.09.04"]
[Round "7"]
[White "Suc, Timothy"]
[Black "Fusari, Paolo"]
[Result "1-0"]
[WhiteElo "1991"]
[BlackElo "1898"]
[PlyCount "70"]
[EventDate "2009.08.30"]
[EventType "swiss"]
[EventRounds "9"]
[EventCountry "ITA"]
[SourceTitle "CBM 132 Extra"]
[Source "ChessBase"]
[SourceDate "2009.11.03"]
[SourceVersion "1"]
[SourceVersionDate "2009.11.03"]
[SourceQuality "1"]

1. Nf3 Nf6 2. c4 g6 3. Nc3 Bg7 4. e4 d6 5. d4 Nc6 6. d5 Nb8 7. Be2 0-0 8. 0-0 Nbd7 9. Bg5 Nc5 10. Nd2 Nfd7 11. f4 f5 12. exf5 Rxf5 13. Bg4 Rf8 14. Qe2 Nf6 15. Bxc8 Qxc8 16. Rae1 Re8 17. Nde4 Ng4 18. Nxc5 Bd4+ 19. Kh1 dxc5 20. Ne4 Ne3 21. Rf3 Nf5 22. Ng3 Nxg3+ 23. Rxg3 a5 24. Bh6 Ra6 25. Rg5 Rf6 26. b3 Rxf4 27. Rxg6+ hxg6 28. Bxf4 Rf8 29. Bg3 Qf5 30. h3 Rf7 31. Bxc7 Rh7 32. Qe6+ Qxe6 33. Rxe6 Rf7 34. Rxg6+ Kh7 35. Re6 a4 1-0

[Event "Trieste op 11th"]
[Site "Trieste"]
[Date "2009.09.02"]
[Round "5"]
[White "Fusari, Paolo"]
[Black "Laco, Giuseppe"]
[Result "1-0"]
[WhiteElo "1898"]
[BlackElo "2135"]
[PlyCount "89"]
[EventDate "2009.08.30"]
[EventType "swiss"]
[EventRounds "9"]
[EventCountry "ITA"]
[SourceTitle "CBM 132 Extra"]
[Source "ChessBase"]
[SourceDate "2009.11.03"]
[SourceVersion "1"]
[SourceVersionDate "2009.11.03"]
[SourceQuality "1"]

1. e4 c5 2. b4 cxb4 3. a3 e6 4. axb4 Bxb4 5. c3 Be7 6. d4 d6 7. Bd3 Nf6 8. Nf3 h6 9. 0-0 Nc6 10. Na3 a6 11. h3 Bd7 12. Re1 e5 13. d5 Na7 14. Be3 Qc7 15. Qb3 Nc8 16. Reb1 Rb8 17. Bxa6 Nxe4 18. Nb5 Qd8 19. Na7 0-0 20. Bxb7 Qc7 21. Nc6 Bxc6 22. dxc6 Nc5 23. Bxc5 dxc5 24. Qd5 Bd6 25. Rd1 Rd8 26. Rab1 Ne7 27. Qe4 g6 28. Nd2 f5 29. Qa4 e4 30. Nc4 Kg7 31. Nxd6 Rxd6 32. Rxd6 Qxd6 33. Rd1 Qe5 34. Qc4 Kf6 35. Rd7 Nxc6 36. Rf7+ Kg5 37. h4+ Kxh4 38. g3+ Kh3 39. Qf1+ Kg4 40. Bxc6 Qxc3 41. Bb5 Ra8 42. Be2+ Kg5 43. Qh3 Qc1+ 44. Kg2 h5 45. Bxh5 1-0